<?xml version="1.0" encoding="UTF-8"?>
<record
    xmlns:xsi="http://www.w3.org/2001/XMLSchema-instance"
    xsi:schemaLocation="http://www.loc.gov/MARC21/slim http://www.loc.gov/standards/marcxml/schema/MARC21slim.xsd"
    xmlns="http://www.loc.gov/MARC21/slim">

  <leader>01268nam a2200241Ia 4500</leader>
  <datafield tag="952" ind1=" " ind2=" ">
    <subfield code="0">0</subfield>
    <subfield code="1">0</subfield>
    <subfield code="2">lcc</subfield>
    <subfield code="4">0</subfield>
    <subfield code="7">0</subfield>
    <subfield code="a">04</subfield>
    <subfield code="b">04</subfield>
    <subfield code="d">2011-04-07</subfield>
    <subfield code="l">6</subfield>
    <subfield code="o">HD38.5 B3518 2004</subfield>
    <subfield code="p">04 003218</subfield>
    <subfield code="r">2019-12-03</subfield>
    <subfield code="s">2019-12-03</subfield>
    <subfield code="t">1</subfield>
    <subfield code="w">2012-06-24</subfield>
    <subfield code="y">LB</subfield>
  </datafield>
  <datafield tag="952" ind1=" " ind2=" ">
    <subfield code="0">0</subfield>
    <subfield code="1">0</subfield>
    <subfield code="2">lcc</subfield>
    <subfield code="4">0</subfield>
    <subfield code="7">0</subfield>
    <subfield code="a">07</subfield>
    <subfield code="b">07</subfield>
    <subfield code="d">2012-11-07</subfield>
    <subfield code="l">5</subfield>
    <subfield code="m">1</subfield>
    <subfield code="o">HD38.5 B3518 2004 </subfield>
    <subfield code="p">07 003472</subfield>
    <subfield code="r">2018-11-09</subfield>
    <subfield code="s">2018-11-05</subfield>
    <subfield code="t">1</subfield>
    <subfield code="w">2012-11-07</subfield>
    <subfield code="y">LB</subfield>
  </datafield>
  <datafield tag="952" ind1=" " ind2=" ">
    <subfield code="0">0</subfield>
    <subfield code="1">0</subfield>
    <subfield code="2">lcc</subfield>
    <subfield code="4">0</subfield>
    <subfield code="7">0</subfield>
    <subfield code="a">07</subfield>
    <subfield code="b">07</subfield>
    <subfield code="d">2013-09-19</subfield>
    <subfield code="l">6</subfield>
    <subfield code="m">1</subfield>
    <subfield code="o">HD38.5 B3518 2004</subfield>
    <subfield code="p">07 004216</subfield>
    <subfield code="r">2016-08-19</subfield>
    <subfield code="s">2016-08-15</subfield>
    <subfield code="t">2</subfield>
    <subfield code="w">2013-09-19</subfield>
    <subfield code="y">LB</subfield>
  </datafield>
  <datafield tag="999" ind1=" " ind2=" ">
    <subfield code="c">62730</subfield>
    <subfield code="d">62730</subfield>
  </datafield>
  <controlfield tag="008">120625s2004    mx            001 0 spa d</controlfield>
  <datafield tag="020" ind1=" " ind2=" ">
    <subfield code="a">9702605407</subfield>
  </datafield>
  <datafield tag="050" ind1=" " ind2="4">
    <subfield code="a">HD38.5  </subfield>
    <subfield code="b">B3518 2004</subfield>
  </datafield>
  <datafield tag="100" ind1="1" ind2=" ">
    <subfield code="a">Ballou, Ronald H.</subfield>
    <subfield code="e"> , autor </subfield>
  </datafield>
  <datafield tag="240" ind1="1" ind2="0">
    <subfield code="a">Business logistics / supply management: planning, organiziting and controlling the supply chain </subfield>
    <subfield code="l">Espa&#xF1;ol </subfield>
  </datafield>
  <datafield tag="245" ind1="1" ind2="0">
    <subfield code="a">Log&#xED;stica </subfield>
    <subfield code="b"> : administraci&#xF3;n de la cadena de suministro </subfield>
    <subfield code="c"> / Ronald H. Ballou ; traducci&#xF3;n Carlos Mendoza Barraza, Mar&#xED;a Jes&#xFA;s Herrero D&#xED;az </subfield>
  </datafield>
  <datafield tag="250" ind1=" " ind2=" ">
    <subfield code="a">5a. edici&#xF3;n </subfield>
  </datafield>
  <datafield tag="260" ind1=" " ind2=" ">
    <subfield code="a">M&#xE9;xico</subfield>
    <subfield code="b"> : Pearson Educaci&#xF3;n </subfield>
    <subfield code="c"> , 2004</subfield>
  </datafield>
  <datafield tag="300" ind1=" " ind2=" ">
    <subfield code="a">xxii, 789 p&#xE1;ginas </subfield>
    <subfield code="c"> ; 24 cm. </subfield>
    <subfield code="e"> + 1 Cd-Rom </subfield>
  </datafield>
  <datafield tag="500" ind1=" " ind2=" ">
    <subfield code="a">T&#xED;tulo original: Business logistics / supply management: planning, organiziting and controlling the supply chain </subfield>
  </datafield>
  <datafield tag="504" ind1=" " ind2=" ">
    <subfield code="a">Bibliograf&#xED;a: pp. 766-770</subfield>
  </datafield>
  <datafield tag="505" ind1="0" ind2=" ">
    <subfield code="a">Introducci&#xF3;n y planeaci&#xF3;n 
Objetivos del servicio al cliente 
Estrategia del transporte 
Estrategia de inventario 
Estrategia de ubicaci&#xF3;n </subfield>
  </datafield>
  <datafield tag="519" ind1=" " ind2=" ">
    <subfield code="a">Plan Flexible / </subfield>
    <subfield code="b">Mercadotecnia / </subfield>
    <subfield code="c">Log&#xED;stica y Distribuci&#xF3;n (P22) / </subfield>
    <subfield code="d">(04 003218)</subfield>
  </datafield>
  <datafield tag="650" ind1=" " ind2="4">
    <subfield code="a">LOG&#xCD;STICA EN LOS NEGOCIOS</subfield>
  </datafield>
  <datafield tag="700" ind1="1" ind2=" ">
    <subfield code="a">Mendoza Barraza, Carlos </subfield>
    <subfield code="e"> , traductor </subfield>
  </datafield>
  <datafield tag="700" ind1="1" ind2=" ">
    <subfield code="a">Herrero D&#xED;az, Mar&#xED;a de Jes&#xFA;s</subfield>
    <subfield code="e"> , traductor</subfield>
  </datafield>
  <datafield tag="942" ind1=" " ind2=" ">
    <subfield code="c">LB</subfield>
  </datafield>
</record>
